One Word 'P' Movies Quiz Stats

 Plays Quiz Updated Jun 22, 2016

Challenge
Share
Tweet
Score 0/25 Timer 08:00
8 Plays Today
% Correct
Popeye
94.2%
Pocahontas
93.2%
Pinocchio
91.7%
Psycho
89.2%
Platoon
86%
Poltergeist
85.9%
Patton
77.7%
Predator
72.4%
Precious
68.9%
Philadelphia
63.9%
Paul
59.1%
Pleasantville
56.1%
Porky's
53.2%
% Correct
Pollock
48.7%
Prometheus
42.5%
Payback
36.4%
Phenomenon
34.3%
Philomena
34.2%
Papillon
32.5%
Poseidon
29.7%
Pompeii
23.5%
Prisoners
23.1%
ParaNorman
21.5%
Ponyo
19.2%
Persepolis
18.2%

You're not logged in!

Compare scores with friends on all Sporcle quizzes.
Join for Free
OR
Log In

You Might Also Like...

Show Comments

Extras

Top Quizzes Today


Score Distribution

Your Account Isn't Verified!

In order to create a playlist on Sporcle, you need to verify the email address you used during registration. Go to your Sporcle Settings to finish the process.

Report this User

Report this user for behavior that violates our Community Guidelines.

Details: